Requiescant /

Uloženo v:
Podrobná bibliografie
Další autoři: Pasolini, Pier Paolo, Lizzani, Carlo, Castel, Lou, Damon, Mark
Médium: Video
Jazyk:italština
Vydáno: Milano : Medusa video [distributore, 2007?!
Edice:I classici del cinema italiano
Tagy: Přidat tag
Žádné tagy, Buďte první, kdo vytvoří štítek k tomuto záznamu!

MARC

LEADER 00000ngm a22000007i 4500
001 IT\ICCU\LO1\1120464
003 ItRI
005 20260124182904.0
008 070413s2007 it |||||||||||||||k|||||c
028 4 2 |a N02SF04404 
040 |b ita 
041 7 |a ita  |2 ISO-639-2 
082 |a 791.43  |9 CINEMA  |2 19 
130 0 |a Requiescant <film ; 1967>  |3 IT\ICCU\RAV\1488313 
245 0 0 |a Requiescant /  |c un film di Carlo Lizzani. 
260 |a Milano :  |b Medusa video [distributore,  |c 2007?! 
300 |a 1 DVD (102 min.) :  |b sonoro (Dolby digital 1.0, 5.1), color 
500 |a Codice area: 2; sistema e formato video: PAL, panoramico 1.85:1, ottimizzato per TV 16/9 
500 |a Tit. del contenitore 
500 |a Ripr. del film del 1967, prod. Italia, Germania; interpreti: Lou Castel, Mark Damon, Pier Paolo Pasolini 
500 |a Lingue: italiano; sottotitoli: italiano per non udenti 
500 |a Contenuti extra: intervista a Carlo Lizzani; presentazione 
500 |a Vietato ai minori di 14 anni. 
700 1 |a Pasolini, Pier Paolo  |0 IT\ICCU\CFIV\001068 
700 1 |a Lizzani, Carlo  |0 IT\ICCU\RAVV\031698 
700 1 |a Castel, Lou  |0 IT\ICCU\RAVV\092738 
700 1 |a Damon, Mark  |0 IT\ICCU\RAVV\299499 
790 1 |a Harris, Alan Mark  |3 IT\ICCU\SBNV\033946  |z Damon, Mark 
830 2 |a I classici del cinema italiano  |0 IT\ICCU\RAV\1482534 
942 |2 ddc  |c VM  |n 0 
952 |0 0  |1 0  |4 0  |6 VO_1726_000000000000000  |7 0  |9 27614  |a BO  |b BO  |d 2026-01-24  |i 13174  |l 0  |o VO 1726  |p BO13174  |r 2026-01-24 18:29:05  |w 2026-01-24  |x [Sebina 5] [1 dvd]  |y VM  |z 1 dvd 
999 |c 23402  |d 23402